| 000 | 00597nam a2200205 i 4500 | ||
|---|---|---|---|
| 001 | 88982 | ||
| 003 | ES-MaACL | ||
| 005 | 20230906180009.0 | ||
| 007 | t| | ||
| 008 | 050120s2004 sp ||||1| spa d | ||
| 020 | _a84-08-05536-4 | ||
| 080 | _a929-055.2(460)"19" | ||
| 100 | 1 |
_aCarmona, Angela. _935334 |
|
| 245 | 1 | 0 |
_aRosas y espinas _b: álbum de las españolas del siglo XX / _cAngela Carmona. |
| 250 | _a1ª ed. | ||
| 260 |
_aBarcelona : _bPlaneta, _c2004. |
||
| 300 |
_a217 p. : _bil. ; _c29 cm. |
||
| 650 | 1 | 4 |
_aMujeres- _zEspaña- _yS.XX. _915282 |
| 852 |
_aES-MaACL _jL-28598 _bR.135123 |
||
| 999 |
_c88982 _d88982 |
||